Shakespeare for all
Αποθηκεύτηκε σε:
| Άλλοι συγγραφείς: | |
|---|---|
| Μορφή: | Βιβλίο |
| Γλώσσα: | English |
| Δημοσίευση: |
London :
Cassell,
1997
|
| Θέματα: | |
| Ετικέτες: |
Προσθήκη ετικέτας
Δεν υπάρχουν, Καταχωρήστε ετικέτα πρώτοι!
|
MARC
| LEADER | 00000nam a2200000 i 4500 | ||
|---|---|---|---|
| 001 | 1/99019 | ||
| 008 | 000125s1997 eng d | ||
| 020 | |a 0-304-33792-7 (v.1) | ||
| 035 | |l 10056724 | ||
| 040 | |a GR-MY-UA |b gre |e aacr | ||
| 041 | 0 | |a eng | |
| 082 | 0 | |a 822.33 | |
| 245 | 1 | 0 | |a Shakespeare for all / |c edited by Maurice Gilmour |
| 260 | |a London : |b Cassell, |c 1997 | ||
| 300 | |a 2 v. | ||
| 505 | 0 | |a v.1: The primary school. - v.2: Shakespeare for all in secondary | |
| 600 | 1 | 0 | |a Shakespeare, William, |d 1564-1616 |x Study and teaching (Secondary) |z England. |
| 600 | 1 | 0 | |a Shakespeare, William, |d 1564-1616 |x Study and teaching (Primary) |z England. |
| 650 | 0 | 0 | |a Drama in education. |
| 700 | 1 | |a Gilmour, Maurice. |4 edt | |
| 852 | |a INST |b RHODES |e 20000125 |h 822.33 SHA |p 005400012631 |q 005400012631 |t BK |y 0 | ||
| 901 | |a BIBL4-2000-1 | ||
| 909 | |a Ρ |b 068939 | ||
| 922 | |a 4ΕΛΗ |b 199909 |c ΚΠΣ/154 |d GLORY BOOKS | ||
| 970 | |a ΚΟΥΛΑΚΙΟΤΗ |b ΛΙΤΣΑ |z 2000/01/25 | ||